| 000 | 00331nam a2200133Ia 4500 | ||
|---|---|---|---|
| 008 | 210210b1991 xxu||||| |||| 00| 0 eng d | ||
| 082 | _a153 VASD | ||
| 100 | _aVAS (Luis S R). | ||
| 245 | _aDynamics of mind management. | ||
| 260 |
_aDelhi _bJaico Publishing House _c1991 |
||
| 300 | _a166 | ||
| 690 | _aPsychology | ||
| 906 | _a046168 | ||
| 999 |
_c95694 _d95694 |
||